Cuestiones de actualidad sobre las recíprocas relaciones de la Iglesia y el Estado / (Record no. 48112)

MARC details
000 -LEADER
campo de control de longitud fija 00578nam a22001695i 4500
001 - NÚMERO DE CONTROL
campo de control 48112
003 - IDENTIFICADOR DE NÚMERO DE CONTROL
campo de control ES-MaACL
005 - FECHA Y HORA DE LA ÚLTIMA TRANSACCIÓN
campo de control 20230906161709.0
007 - CAMPO FIJO DE DESCRIPCIÓN FÍSICA--INFORMACIÓN GENERAL
campo de control de longitud fija t|
008 - DATOS DE LONGITUD FIJA--INFORMACIÓN GENERAL
campo de control de longitud fija 950706s1885 ag ||||1| spa d
040 ## - FUENTE DE CATALOGACIÓN
Centro catalogador/agencia de origen CAM
Lengua de catalogación spa
Centro/agencia transcriptor CAM
100 1# - ENTRADA PRINCIPAL--NOMBRE DE PERSONA
Nombre de persona Chacaltana, Cesáreo.
9 (RLIN) 37747
245 10 - MENCIÓN DEL TÍTULO
Título Cuestiones de actualidad sobre las recíprocas relaciones de la Iglesia y el Estado /
Mención de responsabilidad, etc. por Cesáreo Chacaltana.
260 ## - PUBLICACIÓN, DISTRIBUCIÓN, ETC.
Lugar de publicación, distribución, etc. Buenos Aires :
Nombre del editor, distribuidor, etc. Patronato Nacional Argentino,
Fecha de publicación, distribución, etc. 1885 (
Fabricante Taller Tipográfico de la Penitenciaria)
300 ## - DESCRIPCIÓN FÍSICA
Extensión 658 p. ;
Dimensiones 22 cm.
852 ## - LOCALIZACIÓN
Ubicación ES-MaACL
Número de control de estantería G-7534
Holdings
Estatus retirado Estado de pérdida Estado de daño No para préstamo Colección Biblioteca de origen Biblioteca actual Ubicación en estantería Fecha de adquisición Fuente de adquisición Total de préstamos Signatura topográfica completa Código de barras Visto por última vez Precio de reemplazo Tipo de ítem Koha
        Libros del s. XIX Biblioteca del Ateneo de Madrid Biblioteca del Ateneo de Madrid Sala Pecera Planta 3 17/01/2008     G-7534 1050637 23/02/2023 23/02/2023 Libro impreso antiguo